Catálogo

LOS DUEÑOS DE PEMEX DEL SAQUEO A LA REFORMA (Registro nro. 30601)

Detalles MARC
000 -LEADER
fixed length control field 00468nam a2200181 a 4500
001 - CONTROL NUMBER
control field 30601
005 - DATE AND TIME OF LATEST TRANSACTION
control field 20180713233839.0
008 - FIXED-LENGTH DATA ELEMENTS--GENERAL INFORMATION
fixed length control field 140415s2008 000 0 spa d
020 ## - INTERNATIONAL STANDARD BOOK NUMBER
International Standard Book Number 9789681343910
041 ## - LANGUAGE CODE
Language code of text/sound track or separate title spa
082 ## - DEWEY DECIMAL CLASSIFICATION NUMBER
Classification number 338.2728972
Item number PAZ
100 1# - MAIN ENTRY--PERSONAL NAME
Personal name PAZOZ, LUIS
245 14 - TITLE STATEMENT
Title LOS DUEÑOS DE PEMEX DEL SAQUEO A LA REFORMA
250 ## - EDITION STATEMENT
Edition statement 1ª EDICIÓN
260 ## - PUBLICATION, DISTRIBUTION, ETC.
Place of publication, distribution, etc. [s.l.] :
Name of publisher, distributor, etc. DIANA,
Date of publication, distribution, etc. 2008
300 ## - PHYSICAL DESCRIPTION
Extent 150
Dimensions 14 x 1 x 22
520 ## - SUMMARY, ETC.
Summary, etc. RP
Existencias
Withdrawn status Lost status Source of classification or shelving scheme Damaged status Not for loan Collection code Home library Current library Shelving location Date acquired Source of acquisition Total Checkouts Full call number Barcode Date last seen Price effective from Koha item type
    Dewey Decimal Classification     General Tehuacán Tehuacán Sala general 03/12/2013 Compra   338.2728972 PAZ 505098 16/04/2024 03/12/2013 Libro